00207nam a2200073Ia 4500008004100000082000800041100002700049245005700076240331s9999 xx 000 0 und d bSRI aWickremaratne, D,. Ed 0aSri Lanka directory of women journalists and writers